US States With the Most Trader Joe's Locations - Statistics

General Stats
  • This quiz has been taken 25 times
  • The average score is 9 of 10
Answer Stats
# of Locations State % Correct
19 Arizona
100%
205 California
100%
27 Florida
100%
35 New York
100%
22 Texas
100%
29 Washington
100%
23 Illinois
89%
17 Virginia
89%
23 Massachusetts
79%
19 New Jersey
79%
No matching quizzes found
Score Distribution
Percent of People with Each Score
Percentile by Number Answered
Your Score History
You have not taken this quiz